[Event "Arsenyev Sazykin Memorial"]
[Site "Arsenyev"]
[Date "2007.07.21"]
[Round "8"]
[White "Vostrikov, Vitaliy"]
[Black "Slupskiy, Sergey"]
[Result "1/2-1/2"]
[WhiteElo "2182"]
[BlackElo "2278"]
[PlyCount "87"]
[EventDate "2007.07.14"]
[EventType "tourn"]
[EventRounds "11"]
[EventCountry "RUS"]
[SourceTitle "EXT 2022"]
[Source "ChessBase"]
[SourceDate "2021.10.06"]
[SourceVersion "1"]
[SourceVersionDate "2021.10.06"]
[SourceQuality "1"]

1. c4 b6 2. Nf3 Bb7 3. e3 f5 4. d4 Nf6 5. Be2 e6 6. Nc3 Be7 7. 0-0 0-0 8. Nd2 Ne4 9. f3 Nxc3 10. bxc3 c5 11. e4 d6 12. Qc2 Nd7 13. d5 fxe4 14. dxe6 exf3 15. Bxf3 Bxf3 16. Nxf3 Ne5 17. Qe4 Nxf3+ 18. Rxf3 Rxf3 19. Qxf3 Qf8 20. Qe4 Re8 21. Bd2 Bf6 22. Re1 Qe7 23. Re3 Be5 24. Rh3 g6 25. Re3 Qxe6 26. g3 Rf8 27. Kg2 Re8 28. Re2 Kf7 29. Qf3+ Kg7 30. Qe4 Qf5 31. Qb7+ Qf7 32. Bh6+ Kg8 33. Qe4 Qd7 34. Qd5+ Kh8 35. h4 Qd8 36. Qf7 Rg8 37. Rxe5 dxe5 38. Bg5 Qa8+ 39. Kf2 Rg7 40. Bf6 Qg8 41. Bxg7+ Qxg7 42. Qe8+ Qg8 43. Qxe5+ Qg7 44. Qb8+ 1/2-1/2

[Event "Arsenyev Sazykin Memorial"]
[Site "Arsenyev"]
[Date "2007.07.14"]
[Round "1"]
[White "Korniushin, Nikolay"]
[Black "Vostrikov, Vitaliy"]
[Result "1/2-1/2"]
[WhiteElo "2355"]
[BlackElo "2182"]
[PlyCount "23"]
[EventDate "2007.07.14"]
[EventType "tourn"]
[EventRounds "11"]
[EventCountry "RUS"]
[SourceTitle "EXT 2022"]
[Source "ChessBase"]
[SourceDate "2021.10.06"]
[SourceVersion "1"]
[SourceVersionDate "2021.10.06"]
[SourceQuality "1"]

1. d4 d5 2. Nf3 c6 3. c4 g6 4. cxd5 cxd5 5. Nc3 Bg7 6. Bf4 Nf6 7. e3 0-0 8. h3 a6 9. Be2 Nc6 10. 0-0 e6 11. Rc1 Bd7 12. Ne5 1/2-1/2